00457nam a2200181Ia 4500008004100000020001800041050001400059100001700073245001400090245003000104245005000134260001500184260001800199260000900217300001400226300002500240300001000265180207s9999 xx 000 0 und d a9781423128182 bT519 2010 aThorpe, Kiki aTangled : bRapunzel's amazing hair / cby Kiki Thorpe ; illustrated by Claire Keane. aNew York : bDisney Press, c2010 aunpaged : bcolor illustration ; c28cm.